000 00973nam a2200289 i 4500
003 EG-GICUC
005 20260121101733.0
008 260118s1890 fr ||||fr|||| 00| 0 fre d
040 _aEG-GiCUC
_bfre
_cEG-GiCUC
_dEG-GiCUC
_eRda
041 _afre
082 0 4 _221
_a341.33
_bOD . P
092 0 4 _221
099 _aLaw1 11 341.33 OD . P 1890
100 1 _aOdier, P.-G.
_eAuteur
245 _aDes Privilèges Et Immunités Des Agents Diplomatiques En Pays De Chrétienté /
_cpar P.G. Odier.
264 1 _aParis :
_bLibr. Nouv. de Droit et de Jurisprudence :
_bA. Rousseau,
_c1890.
300 _a467 page ;
_c 24 cm.
336 _2rda contenu
_a texte
337 _2rda medias
_aOrdinateur
338 _2 transporteur rda
_a Ressource en ligne
546 _aTexte en français
650 1 4 _aDiplomatic privileges and immunities
650 1 4 _aDiplomatie
856 4 0 _uhttps://fll.law.cu.edu.eg/fulltext/bks/B11-06536.pdf
905 _a75
942 _2ddc
_n0
_cBK
_e21
999 _c57372
_d57372